000 00673nam a2200217Ia 4500
003 GCL
008 140319s9999 xx 000 0 ara d
040 _aGCL /
_cGCL
082 0 4 _a247.8
_bا ك
100 1 _aاحمد الناصرلدين الله
245 1 0 _aكتاب النجاة /
_cاحمد الناصرلدين الله
700 1 _aفيلفرد ماديلونغ
260 _a[S.N] :
_bفرانز شتاينر بفيسبادن ،
_c1985
300 _a351 ص
490 _aالنشرات الاسلامية
_v0
650 0 4 _aالخوارج
650 0 4 _aالشيعة
650 0 4 _aالاثنا عشرية
650 0 4 _aالاباضية
942 _2ddc
_cBK
999 _c42952
_d42952